00397nam a22001457a 4500003000500000005001700005008004100022020001800063040000600081082001800087100004400105245006800149260002500217300000900242CEME20210628205118.0210225b xxu||||| |||| 00| 0 eng d a0-7923-9742-8 c. a621.382 MUL'J aGodlewsli, P,Jabbari, Bigan,Lagrange, X aMultiplier mobility and teletraffic for personal communications aBOSTONbKLUWERc1996 a364P